000 00376nam a22001577a 4500
005 20180612170140.0
008 160526b xxu||||| |||| 00| 0 eng d
041 _aeng
082 _b5334
_a657
100 _aLal, Jawahar
_9514
245 _aAccounting for Management
260 _aNew Delhi
_bAcademic Faundation
300 _a889
650 _aManagement
_9241
942 _cBK
999 _c1884
_d1883